000 00483nam a22001697a 4500
005 20250106113929.0
010 _aB-761554
020 _a9789356069268
_c699.00
035 _aB-761554
037 _bGift
082 _a500
245 _aFoundation Science;
_bContent Based on NCERT Curriculum2023 Class 7/
260 _bPearson publication
300 _aVp.
_c28cm(Pb)
942 _2ddc
_cEN
_mFOU
_h500
999 _c208053
_d208053